000 00499nam a22001697a 4500
003 NUST - PNEC
005 20170116180847.0
008 150824b xxu||||| |||| 00| 0 eng d
020 _a8170967082
040 _cLIBRARY
082 _a540 SHA
100 _95525
_aSharma, Y. R.
245 _aKalyani unified chemistry : based on common core syllabus of all universities of andhra pradesh PART III
_cY. R. Sharma
260 _cc.2002
650 _95528
_aChemistry
_xME / General
942 _2ddc
_cBK
999 _c64504
_d64504